Biblioteca Fatec Adamantina

Recursos trabalhistas / (Registro n. 829)

Detalhes MARC
000 -LEADER
fixed length control field 00666nam a22002537a 4500
003 - CONTROL NUMBER IDENTIFIER
control field OSt
005 - DATE AND TIME OF LATEST TRANSACTION
control field 20260423141357.0
007 - PHYSICAL DESCRIPTION FIXED FIELD--GENERAL INFORMATION
fixed length control field ta
008 - FIXED-LENGTH DATA ELEMENTS--GENERAL INFORMATION
fixed length control field 260423b bl ||||| |||| 00| 0 por d
020 ## - INTERNATIONAL STANDARD BOOK NUMBER
International Standard Book Number 8532101321
Qualifying information (encad.)
040 ## - CATALOGING SOURCE
Language of cataloging por
Transcribing agency OSt
041 0# - LANGUAGE CODE
Language code of text/sound track or separate title por
Language code of original por
082 ## - DEWEY DECIMAL CLASSIFICATION NUMBER
Classification number 342.68
Item number A447r
100 1# - MAIN ENTRY--PERSONAL NAME
Personal name Almeida, Lúcio Rodrigues de
9 (RLIN) 1133
210 ## - ABBREVIATED TITLE
Source Recursos trabalhistas
245 10 - TITLE STATEMENT
Title Recursos trabalhistas /
260 ## - PUBLICATION, DISTRIBUTION, ETC.
Place of publication, distribution, etc. Rio de Janeiro :
Name of publisher, distributor, etc. Aide,
Date of publication, distribution, etc. 1996.
300 ## - PHYSICAL DESCRIPTION
Extent 276 p. :
Dimensions 21 cm
500 ## - GENERAL NOTE
General note Inclui índice.
504 ## - BIBLIOGRAPHY, ETC. NOTE
Bibliography, etc. note Bibliografia: p. 265-268
650 04 - SUBJECT ADDED ENTRY--TOPICAL TERM
Topical term or geographic name entry element Direito processual do trabalho
650 04 - SUBJECT ADDED ENTRY--TOPICAL TERM
Topical term or geographic name entry element Brasil
942 ## - ADDED ENTRY ELEMENTS (KOHA)
Source of classification or shelving scheme Dewey Decimal Classification
Koha item type LIVRO
Suppress in OPAC No
Exemplares
Withdrawn status Lost status Source of classification or shelving scheme Damaged status Not for loan Home library Current library Date acquired Total checkouts Full call number Barcode Date last seen Copy number Price effective from Koha item type
    Dewey Decimal Classification     Biblioteca Fatec Adamantina Biblioteca Fatec Adamantina 23.04.2026   342.68 - A447r 2026-0116 23.04.2026 ex.1 23.04.2026 LIVRO

Para mais informações envie um e-mail para [email protected].